Farmers and crofters get new advice scheme (Record no. 73535)

MARC details
000 -LEADER
fixed length control field 00934cam a2200205 4500
001 - CONTROL NUMBER
control field WB3937-23
008 - FIXED-LENGTH DATA ELEMENTS--GENERAL INFORMATION
fixed length control field 031002n2003 000 0 eng u
035 ## - SYSTEM CONTROL NUMBER
System control number (Sirsi) u123818
245 ## - TITLE STATEMENT
Title Farmers and crofters get new advice scheme
260 ## - PUBLICATION, DISTRIBUTION, ETC.
Date of publication, distribution, etc. 2003
490 ## - SERIES STATEMENT
Series statement Scottish Executive News Release
Volume/sequential designation (SEen641/2003) 1 October 2003 (2)
520 ## - SUMMARY, ETC.
Summary, etc. A "Whole farm review" pilot scheme has been launched by the Scottish Executive to offer grant assistance to 250 farmers and crofters towards the cost of engaging advisers to carry out the review, enabling them to take full use of their assets. Farmers and crofters need to apply by 31 December 2003 by contacting a national telephone line at +44 (0)845 609 6611. http://www.scotland.gov.uk/pages/news/2003/10/SEen641.aspx
590 ## - LOCAL NOTE (RLIN)
Local note WB
650 ## - SUBJECT ADDED ENTRY--TOPICAL TERM
Topical term or geographic name entry element SCOTLAND
650 ## - SUBJECT ADDED ENTRY--TOPICAL TERM
Topical term or geographic name entry element FARMERS
650 ## - SUBJECT ADDED ENTRY--TOPICAL TERM
Topical term or geographic name entry element CROFTERS
650 ## - SUBJECT ADDED ENTRY--TOPICAL TERM
Topical term or geographic name entry element BUSINESS ADVICE
690 ## - LOCAL SUBJECT ADDED ENTRY--TOPICAL TERM (OCLC, RLIN)
Topical term or geographic name as entry element Rural
9 (RLIN) 6268
942 ## - ADDED ENTRY ELEMENTS (KOHA)
Suppress in OPAC 0
Holdings
Withdrawn status Lost status Source of classification or shelving scheme Damaged status Not for loan Home library Current library Shelving location Date acquired Total Checkouts Full call number Barcode Date last seen Copy number Price effective from Koha item type
    Dewey Decimal Classification     London London News article 02/10/2003   WB3937-23 123818-1001 06/08/2019 1 06/08/2019 News article